[Event "Republica Checa-ch 2006"]
[Site "Brno CZE"]
[Date "2006.02.07"]
[Round "1.1"]
[White "Konopka, Michal"]
[Black "Cvek, Robert"]
[Result "1/2-1/2"]
[WhiteElo "2489"]
[BlackElo "2498"]
[PlyCount "59"]
[EventDate "2006.02.07"]
[EventType "tourn"]
[EventRounds "11"]
[EventCountry "CZE"]
[EventCategory "10"]
[Source "lmi"]
[SourceDate "2006.02.18"]

1. Nf3 c5 2. g3 Nc6 3. c4 g6 4. Nc3 Bg7 5. Bg2 e5 6. O-O Nge7 7. d3 O-O 8. a3
d6 9. Rb1 a5 10. Ne1 Be6 11. Nd5 Rb8 12. Nc2 b5 13. Bd2 f5 14. cxb5 Rxb5 15.
Nxe7+ Nxe7 16. b4 axb4 17. axb4 cxb4 18. Rxb4 Qd7 19. Qa1 Rfb8 20. Rfb1 Rxb4
21. Rxb4 Rxb4 22. Nxb4 Kf7 23. Qa8 h6 24. Nc6 Nxc6 25. Bxc6 Qc8 26. Qa7+ Kg8
27. Qe7 Bf8 28. Qe8 Qxe8 29. Bxe8 Kg7 30. Bb4 1/2-1/2

[Event "Republica Checa-ch 2006"]
[Site "Brno CZE"]
[Date "2006.02.07"]
[Round "1.3"]
[White "Voloshin, Leonid"]
[Black "Polak, Tomas"]
[Result "1/2-1/2"]
[WhiteElo "2466"]
[BlackElo "2485"]
[PlyCount "23"]
[EventDate "2006.02.07"]
[EventType "tourn"]
[EventRounds "11"]
[EventCountry "CZE"]
[EventCategory "10"]
[Source "lmi"]
[SourceDate "2006.02.18"]

1. d4 Nf6 2. c4 e6 3. Nc3 Bb4 4. Qc2 O-O 5. a3 Bxc3+ 6. Qxc3 b6 7. Bg5 Bb7 8.
f3 h6 9. Bh4 d5 10. cxd5 exd5 11. e3 Re8 12. Bb5 1/2-1/2

[Event "Republica Checa-ch 2006"]
[Site "Brno CZE"]
[Date "2006.02.07"]
[Round "1.5"]
[White "Blatny, Pavel"]
[Black "Jansa, Vlastimil"]
[Result "1/2-1/2"]
[WhiteElo "2483"]
[BlackElo "2521"]
[PlyCount "67"]
[EventDate "2006.02.07"]
[EventType "tourn"]
[EventRounds "11"]
[EventCountry "CZE"]
[EventCategory "10"]
[Source "lmi"]
[SourceDate "2006.02.18"]

1. e4 d6 2. d4 Nf6 3. Nc3 g6 4. Be3 c6 5. Qd2 b5 6. a3 Nbd7 7. d5 cxd5 8. exd5
a6 9. Be2 Bb7 10. f4 Bg7 11. Bf3 Nb6 12. Bd4 O-O 13. Qf2 Nc4 14. b3 Nxa3 15.
Rxa3 b4 16. Ra4 bxc3 17. Ne2 Qd7 18. Bxc3 Rfc8 19. Bxf6 Bxf6 20. c4 Rab8 21.
O-O Ba8 22. Rxa6 Rxb3 23. Nd4 Rc3 24. Nc6 Qf5 25. Qe2 Bxc6 26. Bg4 Bd7 27. Bxf5
Bxf5 28. Rc6 Ra8 29. Rd1 h5 30. h3 Rc2 31. Qf3 Rc3 32. Qe2 Rc2 33. Qf3 Rc3 34.
Qe2 1/2-1/2

[Event "Republica Checa-ch 2006"]
[Site "Brno CZE"]
[Date "2006.02.08"]
[Round "2.1"]
[White "Cvek, Robert"]
[Black "Bernasek, Jan"]
[Result "1-0"]
[WhiteElo "2498"]
[BlackElo "2446"]
[PlyCount "91"]
[EventDate "2006.02.07"]
[EventType "tourn"]
[EventRounds "11"]
[EventCountry "CZE"]
[EventCategory "10"]
[Source "lmi"]
[SourceDate "2006.02.18"]

1. e4 c5 2. Nf3 e6 3. d4 cxd4 4. Nxd4 a6 5. Bd3 Qb6 6. c3 d6 7. O-O Nf6 8. Be3
Qc7 9. c4 Nbd7 10. Nc3 Be7 11. Rc1 b6 12. f4 Bb7 13. b4 O-O 14. f5 e5 15. Nd5
Qd8 16. Nb3 Nxd5 17. cxd5 Rc8 18. Qd2 Rxc1 19. Rxc1 h6 20. Qe2 Nb8 21. Nd2 b5
22. Nb3 Qd7 23. Qg4 Kh8 24. Qh5 Qd8 25. Na5 Bc8 26. Rc3 Bg5 27. Bxg5 Qxg5 28.
Qxg5 hxg5 29. Nc6 Nxc6 30. dxc6 Re8 31. a4 bxa4 32. Bc4 Re7 33. Ra3 Rc7 34. Bd5
Kg8 35. Kf2 Kf8 36. Rxa4 Ke7 37. g4 Kd8 38. Ra3 Ke7 39. Rh3 Be6 40. fxe6 fxe6
41. Bc4 Rxc6 42. Be2 Rb6 43. Rb3 d5 44. Ke3 Kd6 45. Kd2 Kc6 46. Bxa6 1-0

[Event "Republica Checa-ch 2006"]
[Site "Brno CZE"]
[Date "2006.02.08"]
[Round "2.3"]
[White "Kalod, Radek"]
[Black "Blatny, Pavel"]
[Result "1-0"]
[WhiteElo "2502"]
[BlackElo "2483"]
[PlyCount "73"]
[EventDate "2006.02.07"]
[EventType "tourn"]
[EventRounds "11"]
[EventCountry "CZE"]
[EventCategory "10"]
[Source "lmi"]
[SourceDate "2006.02.18"]

1. e4 e5 2. Nf3 Nc6 3. Bb5 a6 4. Ba4 Nf6 5. O-O Be7 6. Re1 b5 7. Bb3 d6 8. c3
a5 9. a4 b4 10. h3 O-O 11. d4 bxc3 12. bxc3 exd4 13. cxd4 d5 14. Nbd2 dxe4 15.
Nxe4 Nxe4 16. Rxe4 Bf6 17. Ba3 Nb4 18. Ne5 Bb7 19. Re3 Bd5 20. Rb1 Bxb3 21.
Qxb3 Qxd4 22. Rd1 Qf4 23. Nd7 Rfd8 24. Rf3 Qh4 25. Nxf6+ gxf6 26. Bb2 Qe4 27.
Bxf6 Rxd1+ 28. Qxd1 Nd5 29. Rg3+ Kf8 30. Qh5 Ra6 31. Bg7+ Ke7 32. Rg5 Qb1+ 33.
Kh2 Nf4 34. Qh4 f6 35. Qxf4 fxg5 36. Qxc7+ Ke6 37. Qc4+ 1-0

[Event "Republica Checa-ch 2006"]
[Site "Brno CZE"]
[Date "2006.02.08"]
[Round "2.4"]
[White "Simacek, Pavel"]
[Black "Jirovsky, Milos"]
[Result "1/2-1/2"]
[WhiteElo "2480"]
[BlackElo "2476"]
[PlyCount "63"]
[EventDate "2006.02.07"]
[EventType "tourn"]
[EventRounds "11"]
[EventCountry "CZE"]
[EventCategory "10"]
[Source "lmi"]
[SourceDate "2006.02.18"]

1. e4 c5 2. Nf3 d6 3. d4 cxd4 4. Nxd4 Nf6 5. Nc3 g6 6. Bc4 Bg7 7. O-O O-O 8.
Re1 a6 9. Bg5 b5 10. Bb3 Bb7 11. Nd5 e6 12. Nxf6+ Bxf6 13. Bxf6 Qxf6 14. a4
bxa4 15. Bxa4 Rd8 16. c3 e5 17. Qb3 Qe7 18. Nc2 a5 19. Qb6 Ra6 20. Qe3 Nd7 21.
Bb5 Raa8 22. f3 Nf6 23. Na3 Qc7 24. Kh1 d5 25. exd5 Rxd5 26. Bc4 Rc5 27. b4 Rc6
28. Nb5 Qe7 29. Bf1 axb4 30. Rxa8+ Bxa8 31. cxb4 Qxb4 32. Qxe5 1/2-1/2

[Event "Republica Checa-ch 2006"]
[Site "Brno CZE"]
[Date "2006.02.08"]
[Round "2.5"]
[White "Polak, Tomas"]
[Black "Laznicka, Viktor"]
[Result "0-1"]
[WhiteElo "2485"]
[BlackElo "2525"]
[PlyCount "118"]
[EventDate "2006.02.07"]
[EventType "tourn"]
[EventRounds "11"]
[EventCountry "CZE"]
[EventCategory "10"]
[Source "lmi"]
[SourceDate "2006.02.18"]

1. d4 d5 2. c4 c6 3. Nc3 Nf6 4. Nf3 a6 5. c5 Nbd7 6. Bf4 Nh5 7. e3 g6 8. h4 Bg7
9. Bh2 O-O 10. Be2 Nhf6 11. Ne5 Ne4 12. Nxd7 Bxd7 13. Qb3 e5 14. Nxe4 dxe4 15.
dxe5 Qa5+ 16. Qc3 Qxc3+ 17. bxc3 Rae8 18. O-O-O Bc8 19. Rd4 Bxe5 20. Rxe4 Bxh2
21. Rxe8 Rxe8 22. Rxh2 Re5 23. Rh1 Kf8 24. Rd1 Ke7 25. Rd4 Rxc5 26. Kb2 a5 27.
g4 h6 28. f4 f6 29. Kc2 Be6 30. a3 b5 31. Kd2 g5 32. hxg5 hxg5 33. Bf3 Bd5 34.
Be2 Bg2 35. Kd3 Rd5 36. Rxd5 Bxd5 37. Kd4 Kd6 38. e4 c5+ 39. Ke3 Bc6 40. Bd3
Bd7 41. Be2 a4 42. Bd1 b4 43. cxb4 cxb4 44. Kd4 bxa3 45. e5+ fxe5+ 46. fxe5+
Ke7 47. Kc3 Ke6 48. Kc2 Kxe5 49. Kb1 Kf4 50. Ka1 Bxg4 51. Bxa4 Be6 52. Bd1 Bd5
53. Bh5 Bf3 54. Bf7 g4 55. Be6 g3 56. Bh3 Bd5 57. Kb1 Ke3 58. Ka1 Kf2 59. Kb1
Be6 0-1

[Event "Republica Checa-ch 2006"]
[Site "Brno CZE"]
[Date "2006.02.08"]
[Round "2.6"]
[White "Konopka, Michal"]
[Black "Voloshin, Leonid"]
[Result "1/2-1/2"]
[WhiteElo "2489"]
[BlackElo "2466"]
[PlyCount "42"]
[EventDate "2006.02.07"]
[EventType "tourn"]
[EventRounds "11"]
[EventCountry "CZE"]
[EventCategory "10"]
[Source "lmi"]
[SourceDate "2006.02.18"]

1. d4 Nf6 2. Nf3 e6 3. g3 b5 4. Bg2 Bb7 5. O-O c5 6. c3 a6 7. e3 Be7 8. Qe2 Qb6
9. Nbd2 Ne4 10. a4 Nxd2 11. Nxd2 Bxg2 12. Kxg2 bxa4 13. Qf3 Qc6 14. e4 cxd4 15.
cxd4 d5 16. exd5 Qxd5 17. Qxd5 exd5 18. Rxa4 Nc6 19. Nf3 f6 20. Bd2 Kd7 21.
Rfa1 Rhb8 1/2-1/2

[Event "Republica Checa-ch 2006"]
[Site "Brno CZE"]
[Date "2006.02.09"]
[Round "3.3"]
[White "Jirovsky, Milos"]
[Black "Polak, Tomas"]
[Result "1/2-1/2"]
[WhiteElo "2476"]
[BlackElo "2485"]
[PlyCount "45"]
[EventDate "2006.02.07"]
[EventType "tourn"]
[EventRounds "11"]
[EventCountry "CZE"]
[EventCategory "10"]
[Source "lmi"]
[SourceDate "2006.02.18"]

1. Nf3 b6 2. g3 Bb7 3. Bg2 Nf6 4. c4 e6 5. O-O Be7 6. Nc3 O-O 7. d4 Ne4 8. Bd2
f5 9. Qc2 Bf6 10. Ne5 Nxc3 11. Bxc3 Bxg2 12. Kxg2 Bxe5 13. dxe5 Qc8 14. Qd3
Qb7+ 15. Qf3 Qxf3+ 16. Kxf3 a5 17. Rad1 Kf7 18. Rd2 Ke8 19. Rfd1 Rf7 20. e4 g6
21. exf5 gxf5 22. Kf4 Nc6 23. b3 1/2-1/2

[Event "Republica Checa-ch 2006"]
[Site "Brno CZE"]
[Date "2006.02.09"]
[Round "3.4"]
[White "Blatny, Pavel"]
[Black "Simacek, Pavel"]
[Result "1/2-1/2"]
[WhiteElo "2483"]
[BlackElo "2480"]
[PlyCount "127"]
[EventDate "2006.02.07"]
[EventType "tourn"]
[EventRounds "11"]
[EventCountry "CZE"]
[EventCategory "10"]
[Source "lmi"]
[SourceDate "2006.02.18"]

1. d4 Nf6 2. Nf3 c5 3. c3 b6 4. Bf4 Bb7 5. e3 d6 6. Nbd2 g6 7. Bc4 d5 8. Be2
Nbd7 9. Ne5 Bg7 10. g4 O-O 11. g5 Ne4 12. Nxd7 Qxd7 13. Nxe4 dxe4 14. dxc5 Qh3
15. Bf1 Qf5 16. cxb6 e5 17. Bg3 Qxg5 18. Qd7 Bc8 19. Qc6 Be6 20. b7 Rad8 21.
Qc7 Bg4 22. Bg2 f5 23. Bxe5 Bxe5 24. Qxe5 Rfe8 25. Qc7 Qe7 26. Qxe7 Rxe7 27. h3
Bh5 28. b3 Rxb7 29. c4 Kf7 30. O-O Rd2 31. f3 exf3 32. Bxf3 Bxf3 33. Rxf3 Re7
34. c5 Rc2 35. b4 Re4 36. a3 Ke6 37. Rd1 a5 38. Rb1 axb4 39. axb4 Rcc4 40. Rf4
Rxf4 41. exf4 Kd5 42. Kg2 Ke4 43. b5 Rc2+ 44. Kg3 Rc3+ 45. Kh4 Kxf4 46. Rb4+
Ke5 47. Ra4 Rxc5 48. Kg5 Rxb5 49. Ra7 Rb1 50. Re7+ Kd5 51. Rxh7 Rg1+ 52. Kf4
Ke6 53. Ra7 g5+ 54. Kf3 Rd1 55. Ra3 Kf6 56. Ra6+ Ke5 57. Ra5+ Rd5 58. Ra3 Rc5
59. Rb3 Kd4 60. h4 gxh4 61. Kf4 Rc3 62. Rb8 Kd3 63. Kxf5 Ke2 64. Kg4 1/2-1/2

[Event "Republica Checa-ch 2006"]
[Site "Brno CZE"]
[Date "2006.02.09"]
[Round "3.5"]
[White "Stocek, Jiri"]
[Black "Kalod, Radek"]
[Result "1-0"]
[WhiteElo "2580"]
[BlackElo "2502"]
[PlyCount "149"]
[EventDate "2006.02.07"]
[EventType "tourn"]
[EventRounds "11"]
[EventCountry "CZE"]
[EventCategory "10"]
[Source "lmi"]
[SourceDate "2006.02.18"]

1. d4 d5 2. c4 c6 3. Nf3 Nf6 4. Nc3 a6 5. a4 e6 6. Bf4 a5 7. e3 Na6 8. Be2 Be7
9. h3 O-O 10. O-O Nb4 11. Rc1 b6 12. Ne5 Bb7 13. Qd2 Nd7 14. Rfd1 Nxe5 15. Bxe5
Qd7 16. b3 Rac8 17. e4 Rfd8 18. Qe3 Bf8 19. Qg3 Kh8 20. Bf4 h6 21. Be5 Re8 22.
exd5 cxd5 23. Nb5 dxc4 24. bxc4 Bc6 25. Nd6 f6 26. Nxc8 Rxc8 27. Bf4 Bxa4 28.
Rd2 Nd5 29. Rb1 Nxf4 30. Qxf4 Bb4 31. Rdb2 Rd8 32. Rxb4 axb4 33. Rxb4 Bc2 34.
Rxb6 Qxd4 35. Qxd4 Rxd4 36. Rxe6 Bd3 37. Bxd3 Rxd3 38. Kf1 Rc3 39. Rc6 Rc2 40.
h4 h5 41. Ke1 Kh7 42. Rc7 Kg6 43. g3 Kh6 44. c5 g5 45. c6 gxh4 46. gxh4 Kg6 47.
Rc8 Kf5 48. Kd1 Rc5 49. c7 Kf4 50. Ke2 f5 51. Kd3 Rc1 52. Kd4 Rd1+ 53. Kc5 Rc1+
54. Kd6 Rd1+ 55. Ke6 Rc1 56. Ke7 Rc2 57. Kf6 Rc6+ 58. Kf7 Kf3 59. Ke7 Rc1 60.
Kd6 Rd1+ 61. Ke5 Rc1 62. Kxf5 Kxf2 63. Kg5 Kg3 64. Kxh5 Kh3 65. Kg5 Rg1+ 66.
Kf6 Rf1+ 67. Ke6 Re1+ 68. Kd6 Rd1+ 69. Kc6 Rc1+ 70. Kb6 Rb1+ 71. Ka5 Ra1+ 72.
Kb4 Rb1+ 73. Ka3 Rc1 74. h5 Kh4 75. h6 1-0

[Event "Republica Checa-ch 2006"]
[Site "Brno CZE"]
[Date "2006.02.09"]
[Round "3.6"]
[White "Bernasek, Jan"]
[Black "Jansa, Vlastimil"]
[Result "1/2-1/2"]
[WhiteElo "2446"]
[BlackElo "2521"]
[PlyCount "126"]
[EventDate "2006.02.07"]
[EventType "tourn"]
[EventRounds "11"]
[EventCountry "CZE"]
[EventCategory "10"]
[Source "lmi"]
[SourceDate "2006.02.18"]

1. d4 Nf6 2. c4 g6 3. Nc3 d5 4. Bg5 Ne4 5. Bh4 Nxc3 6. bxc3 dxc4 7. Qa4+ Qd7 8.
Qxc4 b6 9. Qd3 Bg7 10. e3 O-O 11. Be2 Bb7 12. Nf3 c5 13. O-O cxd4 14. cxd4 Nc6
15. Bg3 Rac8 16. Qb5 Qf5 17. a4 Na5 18. Qb4 Qe4 19. Rfd1 e6 20. Ne1 Rfd8 21.
Bf3 Qf5 22. Bxb7 Nxb7 23. Rdc1 Qd5 24. Nd3 Nc5 25. Nf4 Qb3 26. Qb5 Qxb5 27.
axb5 Nb3 28. Rxc8 Rxc8 29. Rd1 Bf8 30. Nd3 Rc4 31. Bb8 Ra4 32. g4 a6 33. bxa6
Rxa6 34. Rb1 Ra1 35. Rxa1 Nxa1 36. Kf1 b5 37. Ke2 Be7 38. Kd1 Kf8 39. Bc7 Ke8
40. Ba5 Nb3 41. Bb4 Bxb4 42. Nxb4 Kd7 43. Kc2 Na5 44. g5 Kd6 45. Kc3 e5 46. d5
Nb7 47. e4 Nc5 48. f3 Na4+ 49. Kb3 Nc5+ 50. Kc2 Nd7 51. Kc3 f5 52. gxf6 Nxf6
53. Nd3 g5 54. Nf2 h5 55. Kb4 Nxd5+ 56. exd5 Kxd5 57. Nh3 e4 58. Nxg5 exf3 59.
Nxf3 Ke4 60. Nh4 Kf4 61. Ng6+ Kf5 62. Ne7+ Kg4 63. Kxb5 Kh3 1/2-1/2

[Event "Republica Checa-ch 2006"]
[Site "Brno CZE"]
[Date "2006.02.10"]
[Round "4.1"]
[White "Cvek, Robert"]
[Black "Jansa, Vlastimil"]
[Result "1/2-1/2"]
[WhiteElo "2498"]
[BlackElo "2521"]
[PlyCount "24"]
[EventDate "2006.02.07"]
[EventType "tourn"]
[EventRounds "11"]
[EventCountry "CZE"]
[EventCategory "10"]
[Source "lmi"]
[SourceDate "2006.02.18"]

1. e4 c5 2. Nf3 e6 3. d4 cxd4 4. Nxd4 Nf6 5. Nc3 d6 6. Be3 Be7 7. f3 O-O 8. Qd2
Nc6 9. O-O-O d5 10. exd5 Nxd5 11. Nxd5 Qxd5 12. Nxc6 Qxc6 1/2-1/2

[Event "Republica Checa-ch 2006"]
[Site "Brno CZE"]
[Date "2006.02.11"]
[Round "5.1"]
[White "Laznicka, Viktor"]
[Black "Cvek, Robert"]
[Result "1/2-1/2"]
[WhiteElo "2525"]
[BlackElo "2498"]
[PlyCount "38"]
[EventDate "2006.02.07"]
[EventType "tourn"]
[EventRounds "11"]
[EventCountry "CZE"]
[EventCategory "10"]
[Source "lmi"]
[SourceDate "2006.02.18"]

1. d4 Nf6 2. c4 e6 3. Nc3 Bb4 4. Qc2 d5 5. cxd5 c5 6. dxc6 Nxc6 7. e3 e5 8.
dxe5 Nxe5 9. Be2 O-O 10. Nf3 Nxf3+ 11. Bxf3 Bg4 12. Bxg4 Nxg4 13. f3 Ne5 14.
O-O Rc8 15. Qb3 Bxc3 16. bxc3 Qc7 17. e4 Rfd8 18. Be3 Nc4 19. Bc1 Qc5+ 1/2-1/2

[Event "Republica Checa-ch 2006"]
[Site "Brno CZE"]
[Date "2006.02.11"]
[Round "5.2"]
[White "Jirovsky, Milos"]
[Black "Voloshin, Leonid"]
[Result "1/2-1/2"]
[WhiteElo "2476"]
[BlackElo "2466"]
[PlyCount "39"]
[EventDate "2006.02.07"]
[EventType "tourn"]
[EventRounds "11"]
[EventCountry "CZE"]
[EventCategory "10"]
[Source "lmi"]
[SourceDate "2006.02.18"]

1. Nf3 Nf6 2. c4 c5 3. g3 b6 4. Bg2 Bb7 5. O-O e6 6. Nc3 Be7 7. d4 cxd4 8. Qxd4
d6 9. Bg5 h6 10. Bxf6 Bxf6 11. Qd3 Bxc3 12. Qxc3 O-O 13. Rfd1 Qc7 14. Nd4 Bxg2
15. Kxg2 a6 16. Qf3 Nd7 17. b3 Nf6 18. Rd2 Rac8 19. Rad1 Rfd8 20. Nc2 1/2-1/2

[Event "Republica Checa-ch 2006"]
[Site "Brno CZE"]
[Date "2006.02.11"]
[Round "5.4"]
[White "Stocek, Jiri"]
[Black "Polak, Tomas"]
[Result "1/2-1/2"]
[WhiteElo "2580"]
[BlackElo "2485"]
[PlyCount "103"]
[EventDate "2006.02.07"]
[EventType "tourn"]
[EventRounds "11"]
[EventCountry "CZE"]
[EventCategory "10"]
[Source "lmi"]
[SourceDate "2006.02.18"]

1. d4 d5 2. c4 e6 3. Nf3 Nf6 4. Nc3 Nbd7 5. Qc2 dxc4 6. e4 Nb6 7. Be2 c5 8.
dxc5 Bxc5 9. O-O h6 10. a4 a5 11. e5 Nfd5 12. Ne4 Be7 13. Rd1 Bd7 14. Rd4 Qc7
15. h4 Bc6 16. Bxc4 Nxc4 17. Qxc4 O-O 18. b3 Rfd8 19. Bb2 Rac8 20. Rc1 Qb8 21.
Qe2 Be8 22. Rxc8 Rxc8 23. Nd6 Bxd6 24. exd6 Qxd6 25. Ne5 Rc7 26. Nc4 Qd7 27.
Nxa5 f6 28. Nc4 Bf7 29. Nb6 Qc6 30. Nxd5 exd5 31. Qe3 Qc2 32. Rd2 Qb1+ 33. Kh2
Qe4 34. Qg3 Rc6 35. Rd3 h5 36. Re3 Qg4 37. Qxg4 hxg4 38. Bd4 Be6 39. Kg3 Kf7
40. a5 Rc2 41. Rc3 Rxc3+ 42. Bxc3 d4 43. Bxd4 Bxb3 44. Kxg4 g6 45. Kf4 f5 46.
h5 Bc2 47. h6 Kg8 48. Ke5 Kh7 49. Be3 Bd3 50. Kd6 Bf1 51. g3 Bg2 52. Kc7
1/2-1/2

[Event "Republica Checa-ch 2006"]
[Site "Brno CZE"]
[Date "2006.02.11"]
[Round "5.6"]
[White "Jansa, Vlastimil"]
[Black "Kalod, Radek"]
[Result "0-1"]
[WhiteElo "2521"]
[BlackElo "2502"]
[PlyCount "144"]
[EventDate "2006.02.07"]
[EventType "tourn"]
[EventRounds "11"]
[EventCountry "CZE"]
[EventCategory "10"]
[Source "lmi"]
[SourceDate "2006.02.18"]

1. e4 e5 2. Nf3 Nf6 3. Nxe5 d6 4. Nc4 Nxe4 5. Qe2 Qe7 6. d4 Nc6 7. c3 d5 8. Ne3
Be6 9. Nd2 Nxd2 10. Bxd2 Qd7 11. g3 Be7 12. Bg2 O-O 13. O-O Rfe8 14. f4 f6 15.
f5 Bf7 16. Qf3 Rad8 17. Rae1 Bf8 18. g4 Ne7 19. g5 Kh8 20. Ng4 Bh5 21. Qh3 Bxg4
22. Qxg4 c6 23. Re6 Ng8 24. Rfe1 Re7 25. h4 Rde8 26. Bh3 Qd8 27. Bf4 Rxe6 28.
fxe6 Bd6 29. Bc1 Qc7 30. Rf1 Rf8 31. Qe2 Bg3 32. h5 Bd6 33. Kh1 Qe7 34. h6 fxg5
35. Rxf8 Qxf8 36. Bxg5 gxh6 37. Bh4 Ne7 38. Qf2 Qxf2 39. Bxf2 Ng6 40. b3 Kg7
41. c4 Nf4 42. c5 Bxc5 43. Bf5 Be7 44. Bg3 Kf6 45. Bxh7 Nxe6 46. Bf2 Kf7 47.
Kg2 Bf6 48. Bf5 Ke7 49. Be3 h5 50. Kh3 Bxd4 51. Bxe6 Bxe3 52. Bc8 Bf2 53. Bxb7
Kd6 54. Kg2 Be1 55. Kf1 Bg3 56. Kg2 h4 57. Kf3 Be1 58. Bc8 Ke5 59. Ke3 c5 60.
Kd3 Kf4 61. Be6 Ke5 62. Bc8 a5 63. Ke2 Bb4 64. Kd3 a4 65. Bd7 a3 66. Bc8 Kf4
67. Be6 d4 68. Ke2 Kg3 69. Bd5 h3 70. Be4 Ba5 71. Bd5 Kh2 72. Be6 Kg2 0-1

[Event "Republica Checa-ch 2006"]
[Site "Brno CZE"]
[Date "2006.02.12"]
[Round "6.2"]
[White "Simacek, Pavel"]
[Black "Jansa, Vlastimil"]
[Result "1-0"]
[WhiteElo "2480"]
[BlackElo "2521"]
[PlyCount "132"]
[EventDate "2006.02.07"]
[EventType "tourn"]
[EventRounds "11"]
[EventCountry "CZE"]
[EventCategory "10"]
[Source "lmi"]
[SourceDate "2006.02.18"]

1. d4 Nf6 2. c4 g6 3. Nc3 d5 4. Nf3 Bg7 5. Qb3 dxc4 6. Qxc4 O-O 7. e4 Bg4 8.
Be3 Nfd7 9. O-O-O Nb6 10. Qc5 N8d7 11. Qa3 e6 12. h3 Bxf3 13. gxf3 Qh4 14. Kb1
Rfc8 15. Rg1 Bf8 16. Qb3 c5 17. Bg5 Qxf2 18. Ne2 c4 19. Qc2 h6 20. Rg2 Qxf3 21.
Ng1 Qxd1+ 22. Qxd1 hxg5 23. Nf3 c3 24. Nxg5 Bh6 25. h4 cxb2 26. Kxb2 Bg7 27. e5
Rc7 28. Rc2 Rac8 29. Rxc7 Rxc7 30. Bb5 Nf8 31. Qf3 Bh6 32. Ne4 Nd5 33. Nf6+
Nxf6 34. Qxf6 a6 35. Qd8 Rc1 36. Be8 Rf1 37. Qb6 Be3 38. Kc3 Rf4 39. Qxb7 Bxd4+
40. Kd3 Bxe5 41. Qxa6 Rxh4 42. a4 Rd4+ 43. Ke2 Re4+ 44. Kd3 Rd4+ 45. Kc2 Rd8
46. Qb5 Bd4 47. a5 e5 48. a6 Ne6 49. Bc6 Kg7 50. Qb7 Nc5 51. Qc7 Nxa6 52. Qxd8
Nb4+ 53. Kd1 Nxc6 54. Qd6 Na7 55. Qd7 Kg8 56. Ke2 Kg7 57. Kf3 Kg8 58. Ke4 Kg7
59. Kd5 Kh6 60. Ke4 f5+ 61. Kf3 Kg5 62. Qd8+ Kh6 63. Kg3 Kg7 64. Qe7+ Kh6 65.
Qf8+ Kg5 66. Qd8+ Kh6 1-0

[Event "Republica Checa-ch 2006"]
[Site "Brno CZE"]
[Date "2006.02.12"]
[Round "6.4"]
[White "Konopka, Michal"]
[Black "Stocek, Jiri"]
[Result "1/2-1/2"]
[WhiteElo "2489"]
[BlackElo "2580"]
[PlyCount "131"]
[EventDate "2006.02.07"]
[EventType "tourn"]
[EventRounds "11"]
[EventCountry "CZE"]
[EventCategory "10"]
[Source "lmi"]
[SourceDate "2006.02.18"]

1. Nf3 d5 2. d4 Nf6 3. c4 dxc4 4. e3 Bg4 5. Bxc4 e6 6. O-O a6 7. Be2 Nc6 8. b3
Bd6 9. Bb2 Qe7 10. Nbd2 Rd8 11. Nc4 O-O 12. Rc1 Rfe8 13. Nxd6 cxd6 14. h3 Bh5
15. Nd2 Bg6 16. Ba3 Nd5 17. Nc4 Qc7 18. Bf3 b5 19. e4 Ndb4 20. Bxb4 Nxb4 21.
Qd2 Nxa2 22. Qxa2 bxc4 23. bxc4 h6 24. c5 dxc5 25. dxc5 a5 26. c6 e5 27. Rc5
Ra8 28. Qa4 Reb8 29. Rd1 Rb4 30. Qc2 Rd4 31. Rb1 Rb4 32. Rd1 Rd4 33. Rb1 Rb4
34. Rxb4 axb4 35. Qb2 Ra6 36. Qxb4 Rxc6 37. Rxc6 Qxc6 38. Qb8+ Kh7 39. Qxe5
Qc1+ 40. Kh2 Qd2 41. Kg3 f6 42. Qf4 Qd4 43. h4 h5 44. Qe3 Qe5+ 45. Qf4 Qd4 46.
Qe3 Qe5+ 47. Kh3 Be8 48. g3 g5 49. hxg5 fxg5 50. Kh2 Bg6 51. Qa7+ Kh6 52. Qe3
Kg7 53. Bg2 h4 54. Qa7+ Bf7 55. Qa3 Bg6 56. Qd3 hxg3+ 57. fxg3 Bf7 58. Bf3 Be6
59. Qd8 Qb2+ 60. Bg2 Qe5 61. Qe7+ Kg6 62. Qf8 Bf7 63. Bf3 Qb2+ 64. Bg2 Qe5 65.
Bf3 Qb2+ 66. Kh3 1/2-1/2

[Event "Republica Checa-ch 2006"]
[Site "Brno CZE"]
[Date "2006.02.12"]
[Round "6.6"]
[White "Laznicka, Viktor"]
[Black "Jirovsky, Milos"]
[Result "1-0"]
[WhiteElo "2525"]
[BlackElo "2476"]
[PlyCount "119"]
[EventDate "2006.02.07"]
[EventType "tourn"]
[EventRounds "11"]
[EventCountry "CZE"]
[EventCategory "10"]
[Source "lmi"]
[SourceDate "2006.02.18"]

1. e4 e6 2. d4 d5 3. Nd2 dxe4 4. Nxe4 Be7 5. Nf3 Nf6 6. Bd3 Nbd7 7. Qe2 Nxe4 8.
Bxe4 c5 9. c3 O-O 10. O-O Nf6 11. Bc2 b6 12. Rd1 Qc7 13. Ne5 Rd8 14. Bf4 cxd4
15. cxd4 Bb7 16. Rac1 Qb8 17. Bg3 Bd6 18. Bh4 Bxe5 19. dxe5 Rxd1+ 20. Rxd1 Nd5
21. Qd3 g6 22. Qg3 Qf8 23. Bg5 Rc8 24. Bb3 Qb4 25. h4 a5 26. a3 Qe4 27. Kh2 h5
28. Rd2 Qe1 29. Rd1 Qe2 30. Rd2 Qe1 31. Bc2 Rc4 32. f3 Qxg3+ 33. Kxg3 b5 34.
Kf2 b4 35. Bb3 Rc5 36. axb4 axb4 37. Rd1 Ra5 38. g4 hxg4 39. fxg4 Kg7 40. Rc1
Ra8 41. h5 gxh5 42. gxh5 Kh8 43. Kg3 Rc8 44. Rxc8+ Bxc8 45. Bc4 Bd7 46. Kh4 Bb5
47. b3 Bc6 48. Bd3 Nc3 49. Be7 Be4 50. Bxe4 Nxe4 51. Bxb4 Kh7 52. Be1 f5 53.
exf6 Nxf6 54. b4 Nd5 55. b5 e5 56. Ba5 e4 57. b6 Ne7 58. b7 Nc6 59. Bd2 Nb8 60.
Bf4 1-0

[Event "Republica Checa-ch 2006"]
[Site "Brno CZE"]
[Date "2006.02.13"]
[Round "7.1"]
[White "Jirovsky, Milos"]
[Black "Cvek, Robert"]
[Result "1/2-1/2"]
[WhiteElo "2476"]
[BlackElo "2498"]
[PlyCount "100"]
[EventDate "2006.02.07"]
[EventType "tourn"]
[EventRounds "11"]
[EventCountry "CZE"]
[EventCategory "10"]
[Source "lmi"]
[SourceDate "2006.02.18"]

1. d4 Nf6 2. Nf3 e6 3. g3 d5 4. Bg2 Be7 5. O-O O-O 6. c4 dxc4 7. Qc2 a6 8. Qxc4
b5 9. Qc2 Bb7 10. Bg5 Nbd7 11. Bxf6 Nxf6 12. Nbd2 Rc8 13. Nb3 Be4 14. Qc1 c5
15. dxc5 Qc7 16. Rd1 Bxc5 17. Nxc5 Qxc5 18. Qxc5 Rxc5 19. Rac1 Rcc8 20. Ne5
Bxg2 21. Kxg2 g6 22. f4 Nd5 23. Kf3 f5 24. Nc6 Kg7 25. a3 h6 26. Rc5 Rfe8 27.
Rdc1 Nb6 28. Ne5 Nc4 29. Rxc8 Rxc8 30. Nxc4 bxc4 31. Ke3 Kf6 32. b3 Rb8 33. b4
a5 34. Rxc4 axb4 35. axb4 e5 36. Kd3 exf4 37. gxf4 g5 38. e3 Kg6 39. Rd4 Kh5
40. fxg5 hxg5 41. e4 f4 42. e5 Kg4 43. Ke4 Kh3 44. Kf5 f3 45. Kxg5 f2 46. Rf4
Rg8+ 47. Kh6 Kg2 48. h4 Rh8+ 49. Kg5 Rg8+ 50. Kh5 Rh8+ 1/2-1/2

[Event "Republica Checa-ch 2006"]
[Site "Brno CZE"]
[Date "2006.02.13"]
[Round "7.3"]
[White "Stocek, Jiri"]
[Black "Voloshin, Leonid"]
[Result "0-1"]
[WhiteElo "2580"]
[BlackElo "2466"]
[PlyCount "54"]
[EventDate "2006.02.07"]
[EventType "tourn"]
[EventRounds "11"]
[EventCountry "CZE"]
[EventCategory "10"]
[Source "lmi"]
[SourceDate "2006.02.18"]

1. d4 Nf6 2. c4 e6 3. Nf3 Bb4+ 4. Nbd2 d5 5. Qa4+ Nc6 6. a3 Bxd2+ 7. Bxd2 Ne4
8. Rd1 Nxd2 9. Rxd2 O-O 10. e3 Bd7 11. Qc2 a5 12. Bd3 g6 13. O-O a4 14. e4 Na5
15. Rdd1 Bc6 16. Rfe1 dxe4 17. Bxe4 Bxe4 18. Rxe4 Nb3 19. Qe2 c6 20. h3 Qf6 21.
Qe3 Rad8 22. Rd3 c5 23. d5 exd5 24. cxd5 Qxb2 25. Kh2 b5 26. Ne5 c4 27. Rc3 Nd2
0-1